Theme of love in Yeats's poetry (Record no. 211040)

MARC details
000 -LEADER
fixed length control field 00314nam a2200133Ia 4500
008 - FIXED-LENGTH DATA ELEMENTS--GENERAL INFORMATION
fixed length control field 230917s9999||||xx |||||||||||||| ||und||
040 ## - CATALOGING SOURCE
-- 160654
Original cataloging agency VIVEKANANDA LIBRARY
041 ## - Language
-- English
082 ## - DDC NUMBER
Classification number 821.8 Y34S:T
100 ## - MAIN ENTRY--PERSONAL NAME
Personal name Satya Pal Singh
245 #0 - TITLE STATEMENT
Title Theme of love in Yeats's poetry
300 ## - PHYSICAL DESCRIPTION
Pages 109 p.
942 ## - ADDED ENTRY ELEMENTS (KOHA)
Koha item type Thesis
Holdings
Withdrawn status Lost status Damaged status Not for loan Location (home branch) Sublocation or collection (holding branch) Date acquired Koha issues (times borrowed) Koha full call number Accession No. Koha date last seen Koha item type
        VIVEKANANDA LIBRARY VIVEKANANDA LIBRARY 20/08/2010   821.8 Y34S:T 73889 17/09/2023 Thesis
© Designed and Maintained by Vivekananda Library, MDU Rohtak